00542nam a22001575i 4500001000700000003000900007005001700016008004100033040001800074100002500092245005700117250006700174260008500241300002200326852003600348167790ES-MaACL20250717063051.0980311q18551898fr |||| | fre d aAS bspa cAS0 aVoltaire,d1694-177810aRomans de Voltaire b: Suivis de ses contes en vers. aNouvelle edition b: Revue avec soin sur les meilleurs textes. aParis : bGarnier Frères, Librairies, c[s.a.] (fImp. P.-A. Bourdier et Cie.) a572 p. ; c18 cm. aES-MaACLjD-3175 z-- Enc. hol.